000 00472nam a2200193Ia 4500
005 20250923144900.0
008 008 250917s9999 xx 000 0 eng d
037 _aTextual
040 _aDSWL
_beng
_cDSWL
041 _aeng
_2eng
084 _qDSWL
245 0 _aGandhi's Great Fast 1932
_cEd. by Dewan Parkash
260 _aBenglore
_bPopular Publisher
300 _a66p.
365 _aINR
_b3
925 _g3
942 _cTEXL
999 _c1444531
_d1444531